000
00208 a2200097 4500
001
55725
100
_a
245
_a
Dictionary of human geography
260
_a
london
_b
Blackie
_c
1990
090
_c
34613
_d
34613
942
_a
NUST-CAE
_c
_c
27351
999
_c
290798
_d
290798